|
|
|
|
| LEADER |
01444nam a2200373 a 4500 |
| 001 |
EBC3327182 |
| 003 |
MiAaPQ |
| 005 |
20200520144314.0 |
| 006 |
m o d | |
| 007 |
cr cn||||||||| |
| 008 |
110929s2011 ne s 000 0deng d |
| 020 |
|
|
|z 9087280971
|
| 020 |
|
|
|z 9789087280970
|
| 020 |
|
|
|a 9789400600140 (electronic bk.)
|
| 035 |
|
|
|a (MiAaPQ)EBC3327182
|
| 035 |
|
|
|a (Au-PeEL)EBL3327182
|
| 035 |
|
|
|a (CaPaEBR)ebr10493669
|
| 035 |
|
|
|a (CaONFJC)MIL323195
|
| 035 |
|
|
|a (OCoLC)746747225
|
| 040 |
|
|
|a MiAaPQ
|c MiAaPQ
|d MiAaPQ
|
| 050 |
|
4 |
|a PK6501
|b .Z82 2011
|
| 245 |
0 |
2 |
|a A key to the treasure of the Hakim
|h [electronic resource] :
|b artistic and humanistic aspects of Nizami Ganjavi's Khamsa /
|c Johan Christoph-Burgel, Christine van Ruymbeke (eds.).
|
| 260 |
|
|
|a Leiden :
|b Leiden University Press,
|c 2011.
|
| 300 |
|
|
|a [250] p.
|
| 490 |
1 |
|
|a Iranian series
|
| 500 |
|
|
|a Cover title.
|
| 533 |
|
|
|a Electronic reproduction. Ann Arbor, MI : ProQuest, 2015. Available via World Wide Web. Access may be limited to ProQuest affiliated libraries.
|
| 600 |
0 |
0 |
|a Nizami Ganjavi,
|d 1140 or 41-1202 or 3.
|t Khamsah.
|
| 655 |
|
4 |
|a Electronic books.
|
| 700 |
1 |
|
|a Burgel, J. Christoph.
|
| 700 |
1 |
|
|a Ruymbeke, C. van
|q (Christine van)
|
| 710 |
2 |
|
|a ProQuest (Firm)
|
| 830 |
|
0 |
|a Iranian studies series (Leiden, Netherlands)
|
| 856 |
4 |
0 |
|u https://ebookcentral.proquest.com/lib/matrademy/detail.action?docID=3327182
|z Click to View
|